000 00640nam a22002177a 4500
005 20170124110026.0
010 _aB-031750
020 _c00.00
_a9788122310108
035 _aB-031750
037 _bCen Lib/Ret
040 _aDPL
_bEN
082 _a530.11
_bEIN
100 _aEinstein, Albert
_920761
245 _aRelativity :
_cby Albert Einstein
_bthe special and the general theory /
250 _a15th ed
260 _bPustak Mahal
_aNew Delhi
_c2008
270 _aJ-3/16, Daryaganj
_bNew Delhi
_e110002
300 _axi,163p.
_c19(Hb)
650 _aRelativity (Physics).
_920762
942 _2ddc
_cEN
_h530.11
_mEIN
999 _c127533
_d127533